Ч. 2 : Термодинамика бинарных систем и фазовые переходы; Введение в физику твердого тела и молекулярную биологию

Bibliographische Detailangaben
Parent link:Введение в физику твердого тела и молекулярную биологию: в 2 ч./ Московский государственный университет им. М. В. Ломоносова (МГУ). Ч. 2 : Термодинамика бинарных систем и фазовые переходы.— , 1983
1. Verfasser: Жданов Г. С. Герман Степанович
Weitere Verfasser: Хунджуа А. Г. Андрей Георгиевич
Sprache:Russisch
Veröffentlicht: 1983
Schlagworte:
Format: MixedMaterials Buch
KOHA link:https://koha.lib.tpu.ru/cgi-bin/koha/opac-detail.pl?biblionumber=306275

MARC

LEADER 00000nam2a2200000 4500
001 306275
005 20231102001858.0
020 |a RU  |b 83-60096 
035 |a (RuTPU)RU\TPU\book\331552 
090 |a 306275 
100 |a 20151005g1983 m y0rusy5003 ca 
101 0 |a rus 
200 0 |a Ч. 2 : Термодинамика бинарных систем и фазовые переходы  |f Г. С. Жданов, А. Г. Хунджуа 
210 |d 1983 
215 |a 76 с.  |c ил. 
461 1 |0 (RuTPU)RU\TPU\book\112043  |t Введение в физику твердого тела и молекулярную биологию  |o в 2 ч.  |o учебное пособие для вузов  |f Московский государственный университет им. М. В. Ломоносова (МГУ)  |v Ч. 2 : Термодинамика бинарных систем и фазовые переходы  |d 1983 
606 1 |a Твердые тела  |x Физика  |2 stltpush  |3 (RuTPU)RU\TPU\subj\58697  |9 76461 
606 1 |a Молекулярная биология  |2 stltpush  |3 (RuTPU)RU\TPU\subj\70459  |9 84719 
610 1 |a фазовые переходы 
610 1 |a бинарные системы 
610 1 |a термодинамика 
610 1 |a термодинамическое равновесие 
610 1 |a диаграммы состояний 
610 1 |a твердое состояние 
610 1 |a учебные пособия 
675 |a 539.2(075.8)  |z rus  |v 3 
675 |a 577.2(075.8)  |z rus  |v 3 
700 1 |a Жданов  |b Г. С.  |g Герман Степанович 
701 1 |a Хунджуа  |b А. Г.  |g Андрей Георгиевич 
801 0 |a RU  |b RuMRKP  |c 19950704  |g psbo 
801 1 |a RU  |b 63413507  |c 20151005 
801 2 |a RU  |b 63413507  |c 20180703  |g RCR 
942 |c BK